| 000 | 00668nam a22001937a 4500 | ||
|---|---|---|---|
| 999 |
_c142041 _d142041 |
||
| 005 | 20230704103917.0 | ||
| 010 | _aENG-118946 ENG-137255 | ||
| 020 |
_a9789386392459 _c795.00 |
||
| 035 | _aEN-102478 EN-120787 | ||
| 037 | _bDBAD/PUB | ||
| 082 | _a320 | ||
| 100 | _aParameswaran, Ameet | ||
| 245 |
_aPerformance and the political : _cby Ameet Parameswaran _bpower and pleasure in contemporrary Kerla / |
||
| 260 |
_aTelangana _bOrient Blackswan _c2017 |
||
| 270 |
_a3-6-752 Himayatnagar, Hyderabad _bTelangana _e500029 |
||
| 300 |
_aix,248p. _c22cm(Hb) |
||
| 500 | _aIncludes bibliographical reference and index | ||
| 942 |
_2ddc _cEN _h320 _mPAR |
||